Who Did the Audit? Audit Quality and Disclosures of Other Audit Participants in PCAOB Filings/ (Record no. 3718)
[ view plain ]
| 000 -LEADER | |
|---|---|
| fixed length control field | 00760nam a2200193 4500 |
| 008 - FIXED-LENGTH DATA ELEMENTS--GENERAL INFORMATION | |
| fixed length control field | 160805b xxu||||| |||| 00| 0 eng d |
| 022 ## - INTERNATIONAL STANDARD SERIAL NUMBER | |
| International Standard Serial Number | 00014826 |
| 082 ## - DEWEY DECIMAL CLASSIFICATION NUMBER | |
| Classification number | DPer 657.05 Ac27 Sept 2015 v. 90, n. 5 |
| 100 ## - MAIN ENTRY--PERSONAL NAME | |
| 9 (RLIN) | 12382 |
| Personal name | Dee, Carol Callaway |
| 243 ## - COLLECTIVE UNIFORM TITLE | |
| Unifor title | <a href="The accounting review">The accounting review</a> |
| 245 ## - TITLE STATEMENT | |
| Title | Who Did the Audit? Audit Quality and Disclosures of Other Audit Participants in PCAOB Filings/ |
| Statement of responsibility, etc. | Carol Callaway Dee, Ayalew Lulseged and Tianming Zhang. |
| 260 ## - PUBLICATION, DISTRIBUTION, ETC. (IMPRINT) | |
| Place of publication, distribution, etc. | Sarasota, Florida. |
| Name of publisher, distributor, etc. | American Accounting Association, |
| Date of publication, distribution, etc. | ©2015. |
| 300 ## - PHYSICAL DESCRIPTION | |
| Extent | v90 n5, pages 1939-1967; |
| Dimensions | 26 cm. |
| 500 ## - GENERAL NOTE | |
| General note | The Accounting Review. |
| 650 #0 - SUBJECT ADDED ENTRY--TOPICAL TERM | |
| 9 (RLIN) | 12383 |
| Topical term or geographic name as entry element | Auditing |
| 700 ## - ADDED ENTRY--PERSONAL NAME | |
| 9 (RLIN) | 12384 |
| Personal name | Lulseged, Ayalew |
| Relator term | Author |
| 700 ## - ADDED ENTRY--PERSONAL NAME | |
| 9 (RLIN) | 12385 |
| Personal name | Zhang, Tianming |
| Relator term | Author |
| 942 ## - ADDED ENTRY ELEMENTS (KOHA) | |
| Source of classification or shelving scheme | Dewey Decimal Classification |
| Koha item type | Periodicals |
| Withdrawn status | Lost status | Source of classification or shelving scheme | Damaged status | Not for loan | Collection code | Home library | Current library | Date acquired | Total Checkouts | Full call number | Date last seen | Price effective from | Koha item type | Public note |
|---|---|---|---|---|---|---|---|---|---|---|---|---|---|---|
| Dewey Decimal Classification | Periodicals | UM Digos College - LIC | UM Digos College - LIC | 08/05/2016 | DPer 657.05 Ac27 Sept 2015 v. 90, n. 5 | 08/05/2016 | 08/05/2016 | Periodicals | Periodical article |
